书目信息 |
| 题名: |
危险的植物
|
|
| 作者: | 伍拉德 著 ;代群 译 | |
| 分册: | ||
| 出版信息: | 北京 外语教学与研究出版社 2002.07 |
|
| 页数: | 46页 | |
| 开本: | 20cm | |
| 丛书名: | ||
| 单 册: | ||
| 中图分类: | H319.4:I | |
| 科图分类: | ||
| 主题词: | 英语 | |
| 电子资源: | ||
| ISBN: | 7-5600-2846-2 | |
| 000 | 00646nam0 2200217 45 | |
| 001 | 0455843755 | |
| 005 | 2004052415304357 | |
| 010 | @a7-5600-2846-2@dCNY 6.90 | |
| 100 | @a20040524d2002 km y0chiy0120 ea | |
| 101 | 0 | @achi |
| 102 | @aCN@b110000 | |
| 200 | 1 | @a危险的植物@AWei Xian De Zhi Wu@d=Dangerous Plants@f(英)伍拉德著@F(Ying)Wu La De Zhu@g代群译@GDai Qun Yi |
| 210 | @a北京@c外语教学与研究出版社@d2002.07 | |
| 215 | @a46页@d20cm | |
| 510 | @a=Dangerous Plants | |
| 606 | 0 | @a英语 |
| 690 | @aH319.4:I@v3 | |
| 701 | 0 | @a伍拉德@AWu La De@4著 |
| 702 | 0 | @a代群@ADai Qun@4译 |
| 801 | 0 | @aCN@bPFT@c20040524 |
| 905 | @a安徽大学@dH319.4:I@eW938 | |
| 危险的植物=Dangerous Plants/(英)伍拉德著/代群译.-北京:外语教学与研究出版社,2002.07 |
| 46页;20cm |
| ←并列题名:=Dangerous Plants |
| ISBN 7-5600-2846-2:CNY 6.90 |
| ● |
| 相关链接 |
|
|
|
正题名:危险的植物
索取号:H319.4:I/W938
 
预约/预借
| 序号 | 登录号 | 条形码 | 馆藏地/架位号 | 状态 | 备注 |
| 1 | 376786 | 203767860 | 语言库209/209语言库 55排2列6层/ [索取号:H319.4:I/W938] | 在馆 | |
| 2 | 376787 | 203767879 | 语言库209/209语言库 55排2列6层/ [索取号:H319.4:I/W938] | 在馆 | |
| 3 | 376788 | 203767888 | 语言库209/209语言库 55排2列6层/ [索取号:H319.4:I/W938] | 在馆 | |
| 4 | 376789 | 203767897 | 语言库209/209语言库 55排2列6层/ [索取号:H319.4:I/W938] | 在馆 | |
| 5 | 376790 | 203767904 | 语言库209/209语言库 55排2列6层/ [索取号:H319.4:I/W938] | 在馆 |